| 000 | 00609nam a2200217Ii 4500 | ||
|---|---|---|---|
| 003 | JO-AjNU | ||
| 008 | 230606s9999||||xx |||||||||||||| ||und|| | ||
| 020 | _a978-0-672-32308-9 | ||
| 040 |
_aJO-AjNU _beng _erda _cJO-AjNU |
||
| 041 | _aeng | ||
| 050 | 1 | 4 | _aQA76.64.L32.2002 |
| 100 | 3 |
_aLafore,Robert, _eauthor _9535 |
|
| 245 | 0 | 0 | _aObject-Orinted programming in c++ |
| 250 | _a4 ed | ||
| 264 | 3 | 1 | _asams:indianpolis,2002 |
| 300 | _a1012p | ||
| 336 |
_atext _btxt _2rdacontent |
||
| 337 |
_aunmediated _bn _2rdamedia |
||
| 338 |
_avolume _bnc _2rdacarrier |
||
| 650 | 4 |
_aObject-Orinted programming in c++ _9536 |
|
| 999 |
_aE284 _c284 _d284 |
||